Carregant...

Vigotskiyum vidhyabhyasavum

Dades bibliogràfiques
Autor principal: P V Purushothaman
Format: Printed Book
Idioma:Undetermined
Publicat: Kerala sastra sahithya parishad 2008
Thrissur
Matèries:
LEADER 00668nam a2200229Ia 4500
008 141122s9999 xx 000 0 und d
040 |c . 
041 |a Malayalam 
082 |a 813.4 
082 |b PUR/VI 
100 |a P V Purushothaman 
245 |a Vigotskiyum vidhyabhyasavum 
245 |c P V Purushothaman 
260 |b Kerala sastra sahithya parishad 
260 |b Thrissur 
260 |c 2008 
300 |a 176 Pages 
365 |a 80/-  
650 |a General 
942 |c BK 
999 |c 4591  |d 4591 
952 |0 0  |1 0  |4 0  |6 813_400000000000000_PURVI  |7 0  |9 4550  |a COVAS  |b COVAS  |d 0000-00-00  |g 80.00  |l 2  |o 813.4 PUR/VI  |p 20378  |r 2015-08-13  |s 2015-07-21  |w 2014-11-26  |y BK